Statistics for ♫ "Way Less Sad" - Lyrics - AJR ♫

Click here to take the quiz!

General Stats

  • This quiz has been taken 98 times
  • The average score is 310 of 423

Answer Stats

Lyric% Correct
I
98%
(I
98%
a
95%
less
95%
sad
95%
way
95%
I'm
93%
No,
93%
no
93%
But
91%
but
91%
don't
89%
Don't
89%
it?
89%
it,
89%
it
89%
and
88%
And
88%
(happy
86%
happy
86%
so
86%
So
86%
ain't
82%
it's
82%
It's
82%
my
82%
the
82%
You
82%
you
82%
love
77%
not
77%
yet)
77%
yet,
77%
yet
77%
real
75%
wanna
75%
bar
71%
'cause
71%
'Cause
71%
is
71%
L.A.
71%
low
71%
more
71%
out
71%
set
71%
just
70%
New
70%
sunny
70%
up
70%
York
70%
always
68%
a-okay
68%
a-okay,
68%
be
68%
Da-da-da,
68%
da-da-da,
68%
da-da-da
68%
should
68%
muddy
66%
gettin'
64%
kinda
64%
move
64%
now
64%
There's
64%
all
61%
this
61%
enjoy
59%
feelin'
59%
Shut
59%
you're
59%
You're
59%
at
57%
hurt
57%
mad
57%
Twitter
57%
hey-hey-hey
55%
Hey-hey-hey,
55%
hey-hey-hey,
55%
insane
55%
insane,
55%
Livin'
55%
say
55%
suckin'
54%
sucks
54%
wake
54%
little
52%
mean
52%
cry
50%
can't
46%
have
46%
on
43%
half-past
41%
fall
39%
may
39%
sheep
39%
stupid
39%
three
39%
asleep
38%
been
38%
countin'
38%
I've
38%
losin'
38%
wrong)
38%
wrong
38%
wrong,
38%
brain's
36%
(brain's
36%
fire
36%
fire)
36%
I'll
36%
mind
36%
ah-ah,
34%
(ah-ah,
34%
ah-ah)
34%
try
34%
died
32%
dead
30%
(oh-oh-oh),
30%
alright
29%
guess
29%
hard
27%
too
27%
tryin'
27%
Well,
27%

Score Distribution

Percentile by Number Answered

Percent of People with Each Score

Your Score History

You have not taken this quiz